000 00749cam a22002532 4500
999 _c1607
_d1607
001 0000021024
003 OSt
005 20170525144748.0
008 120109s xx 000 0 eng d
020 _a0071267878 :
040 _aKABU
_cKABU
100 1 _aRose, Peter S.
245 1 0 _aBank management & financial services /
_cPeter S. Rose, Sylvia C. Hudgins.
250 _a8th ed.
260 _aBoston :
_bMcGraw-Hill,
_c2010.
300 _axxvii, 734 p.
650 0 _aFinancial institutions
_zUnited States.
650 0 _aBank management
_zUnited States.
650 0 _aBanks and banking, International.
700 1 _aHudgins, Sylvia C.
908 _a120109
942 _2lcc
_cBK